Statistics for Countries by First and Last Letter #2

Click here to take the quiz!

General Stats

  • This quiz has been taken 50,633 times
    (50,632 since last reset)
  • The average score is 16 of 24

Answer Stats

First LetterCountryLast Letter% Correct
YYemenN
95%
ZZimbabweE
93%
DDenmarkK
88%
IItalyY
83%
PParaguayY
77%
HHaitiI
76%
LLaosS
76%
TTuvaluU
76%
FFijiI
72%
IIranN
72%
HHungaryY
70%
FFranceE
69%
VVenezuelaA
69%
KKosovoO
68%
KKenyaA
65%
GGermanyY
64%
KKiribatiI
62%
PPolandD
61%
UUzbekistanN
60%
BBrazilL
57%
BBelgiumM
57%
GGreeceE
46%
CCameroonN
45%
BBangladeshH
40%

Score Distribution

Percentile by Number Answered

Percent of People with Each Score

Your Score History

You have not taken this quiz since the last reset